000 00624cam a2200205u 4500
001 1168
005 20260129154033.0
040 _aDLC
_cCarP
_dDLC
_beng
050 0 0 _aPZ10.3.B7656
_bSai
100 1 _aBrown, Margaret Wise,
_d1910-1952.
245 1 4 _aThe sailor dog /
260 _aNew York,
_bSimon and Schuster
_c1953.
300 _a23 Unnumbered pages:
_bColors illustrations;
_c21 cm.
505 _aF
520 _aA dog that has always wanted to go to sea realizes his dream.
521 _a320
_bLexile
521 _aF
_bRaz-Plus
906 _a0
_bcbc
_cpremunv
_du
_encip
_f19
_gy-gencatlg
942 _2ddc
_cBK
_n0
999 _c1168
_d1168